000 01489nam0a22003851 4500
001 RU\NLR\A1SV\51056
005 20251203171251.9
035 _a(NLR Aleph) 009733057
090 _a9916670
_c9916670
100 _a20040421d1926 u y0rusy50 ca
101 0 _arus
102 _aRU
200 1 _aСальские степи по данным почвенно-агрономических исследований на Северном Кавказе
_fЛ.И.Иозефович
_gПод ред. [и с предисл.] проф. В.П.Бушинского
_gГос. Ин-т изучения засушлив. обл. и Ин-т почвоведения Тимирязев. с.-х. акад.
210 _aМ.
_cНовая деревня
_d1926
215 _a64 с., 1 л. карт.
_cил., табл.
_d23 см
300 _aНапеч. в Орле
320 _aЛит. о природе и хоз-ве Сальск. округа: с.61-63
620 _dМосква
620 _dОрел
700 1 _aИозефович
_bЛ. И.
_f1892-1932
_gЛеон Иосифович
702 1 _aБушинский
_bВ. П.
_f1885-1960
_gВладимир Петрович
801 0 _aRU
_bNLR
_c20040421
852 _aNLR
_j60/2780
852 _aNLR
_j60/2780а
899 _aРКП
899 _aРГБ
899 _aБАН
899 _aСПбГУ
899 _aНБУВ
899 _aМГУ
899 _aНБ Бел.
942 _cBOOK
980 _aNB
980 _aA1SV